|
|
|
|
| LEADER |
00934nam a22002412a 4500 |
| 001 |
000376948 |
| 003 |
CZ BrMZK |
| 005 |
20090825204005.0 |
| 007 |
ta |
| 008 |
010907s1971 xr f cze d |
| 015 |
|
|
|a cnb000261555
|
| 035 |
|
|
|a (OCoLC)42176647
|
| 040 |
|
|
|a BOA001
|b cze
|c BOA002
|
| 100 |
1 |
|
|a Batěk, Oskar,
|d 1923-2000
|7 jk01011115
|4 aut
|
| 245 |
1 |
0 |
|a Petruška ženichem, aneb, Vyhraje to Petruška :
|b libreto k improvizované komedii pro loutky nebo živé herce /
|c Oskar Batěk
|
| 246 |
3 |
|
|a Vyhraje to Petruška
|
| 246 |
1 |
3 |
|a Petruška ženichem
|
| 260 |
|
|
|a Praha :
|b Československé divadelní a literární jednatelství,
|c 1971
|
| 300 |
|
|
|a 42 s.
|
| 910 |
|
|
|a BOA001
|b PK-0063.201
|b 1-0673.692
|
| 990 |
|
|
|a BK
|
| 996 |
6 |
|
|b 2619517790
|c 1-0673.692
|l MZK
|r Sklad / do 1 hodiny
|n 0
|w 000376948
|u 000020
|a 1
|e BOA001
|j MZK50
|s P
|
| 996 |
7 |
|
|b 3119813505
|c PK-0063.201
|l MZK
|r Sklad / do 1 hodiny
|n 3
|w 000376948
|u 000010
|a 1
|e BOA001
|j MZK50
|s A
|